Football by Letter - E - Statistics

General Stats
  • This quiz has been taken 68 times
    49 since last reset
  • The average score is 14 of 19
Answer Stats
Hint Answer % Correct
A country that has participated in the Copa América 30 times but has never reached the final Ecuador
100%
The home of FC Arsenal Emirates Stadium
98%
The home of Manchester City Etihad Stadium
98%
Country with the most AFCON titles Egypt
95%
Suffered a cardiac arrest during Euro 2021 Christian Eriksen
91%
World Cup winners 1966 England
91%
City rivals of FC Barcelona Espanyol Barcelona
91%
Most goals scored for Portugal in World Cups Eusebio
86%
They play at Hill Dickinson Stadium, which opened in 2025 FC Everton
86%
Scored the winning goal in the 2016 European Championship final Eder
81%
With 4 titles, the player with the most African Player of the Year awards Samuel Eto'o
77%
The most expensive Argentine transfer in history Enzo Fernandez
74%
The only manager to have won the Europa League four times Unai Emery
70%
Ghana's Player of the Year 2007 Michael Essien
63%
Won the Golden Glove three times Ederson
51%
Europa League winner 2021/22 Eintracht Frankfurt
47%
Has won the triple twice as a coach Luis Enrique
47%
Captain of FC Bayern during their Champions League victory in 2000/01 Stefan Effenberg
26%
Lost four Champions League finals Patrice Evra
14%
No matching quizzes found
Score Distribution
Percent of People with Each Score
Percentile by Number Answered
Your Score History
You have not taken this quiz since the last reset